| 000 | 01161cam a22003131a 4500 | ||
|---|---|---|---|
| 001 | 2906 | ||
| 003 | BD-RjUL | ||
| 005 | 20211208233636.0 | ||
| 008 | 131217s1965 dcua b f000 0 eng | ||
| 035 | _a(BD-RjUL)2934 | ||
| 035 | _a(OCoLC)252584 | ||
| 040 |
_aDLC _cODaWU _dOCoLC _dPPiU _dOCoLC _dISS _dDLC _dBD-RjUL _beng |
||
| 041 | _aeng | ||
| 082 |
_2353.00722 _bPRO |
||
| 245 | 0 | 0 |
_aProgram budgeting : _bprogram analysis and the Federal budget / _cDavid Novick, editor. |
| 260 |
_a[Washington : _bFor sale by the Superintendent of Documents, U.S. Govt. Print. Off., _cc1965 |
||
| 300 |
_axiv, 236 p. : _bill. ; _c24 cm. |
||
| 500 | _a"A Rand Corporation-sponsored research study." | ||
| 500 | _a"An abridgment of a larger Rand Corporation study of program budgeting." | ||
| 500 | _a"Each chapter ... has also been issued separately as a Rand memorandum." | ||
| 504 | _aIncludes bibliographical references. | ||
| 650 | 0 |
_aBudget _zUnited States. _99302 |
|
| 650 | 0 |
_aProgram budgeting _zUnited States. _99303 |
|
| 700 | 1 |
_aNovick, David. _99304 |
|
| 710 | 2 |
_aRand Corporation. _99305 |
|
| 942 |
_2ddc _cBK |
||
| 999 |
_c2906 _d2906 |
||